| 000 | 00985nam a2200253 4500 | ||
|---|---|---|---|
| 999 |
_c8467 _d8467 |
||
| 001 | 22088 | ||
| 003 | BD-DhUAP | ||
| 005 | 20240320125017.0 | ||
| 008 | 130321s2013 enkf b 001 0 eng | ||
| 020 | _a9781107674691 (pbk.) | ||
| 020 | _a9781107040557 (hardback) | ||
| 040 |
_aDLC _beng _cBD-DhUAP _eBD-DhUAP _dBD-DhUAP |
||
| 082 | 0 | 0 |
_a792.95 SHA _223 |
| 245 | 0 | 0 |
_aShakespeare beyond English : _ba global experiment / _cedited by Susan Bennett and Christie Carson. |
| 264 | 1 |
_aCambridge ; _aNew York : _bCambridge University Press, _c2013. |
|
| 300 |
_axxvi, 317 pages, 16 numbered pages of plates ; _c25 cm |
||
| 504 | _aIncludes bibliographical references and index. | ||
| 600 | 1 | 0 |
_aShakespeare, William, _d1564-1616 _xDramatic production. |
| 600 | 1 | 0 |
_aShakespeare, William, _d1564-1616 _vTranslations. |
| 650 | _aWorld Shakespeare Festival. | ||
| 700 | 1 |
_aBennett, Susan, _d1955- _eeditor of compilation. |
|
| 700 | 1 |
_aCarson, Christie, _eeditor of compilation. |
|
| 942 |
_2ddc _cBK |
||